LEADER 02671nam 2200457Ka 450 001 9910805588203321 005 20240912105429.7 035 $a(CKB)5600000000794289 035 $a(ODN)ODN0010383975 035 $a(MiAaPQ)EBC31727558 035 $a(Au-PeEL)EBL31727558 035 $a(ScCtBLL)887a4fb6-89e5-404d-ab64-87f20ae3c776 035 $a(EXLCZ)995600000000794289 100 $a20240130d2024 uy 0 101 0 $aeng 135 $aurcn|---||||| 181 $ctxt$2rdacontent 182 $cc$2rdamedia 183 $acr$2rdacarrier 200 10$aDocumenting maritime heritage at risk $eDigital tools, communities, and institutions. /$fElizabeth Shotton 205 $a1st ed. 210 $d2024 215 $a1 online resource 311 08$a1-03-247210-3 311 08$a1-04-000354-0 330 $aDocumenting Maritime Heritage at Risk addresses the risks posed to coastal piers and quays due to climate change, the urgent need for documentation and attendant questions regarding long-term conservation, and the role communities could have in this endeavour. Case studies from communities, researchers, and national agencies offer insights into the documentation and analysis of coastal heritage, guidance on survey methodologies, and the potential of digital tools. Communities living along the coast, who are deeply attached to their heritage, are facing these threats very directly ? and often with a sense of having little agency in the discussions or decisions being taken. Yet, as the book demonstrates, they could have a central role to play as first-hand observers of the impact of climate change on their heritage. The collection offers an overview of the invaluable role of different participants, working collectively in the documentation and management of endangered maritime heritage. Documenting Maritime Heritage at Risk provides a vital resource for researchers and students engaged in the study of maritime heritage. It will also be of great interest to practitioners, such as local heritage or conservation officers and marine engineers who bear the primary responsibility for recording and maintaining maritime heritage. 606 $aNonfiction$2OverDrive 606 $aLanguage Arts$2OverDrive 610 00$aSite Assessment$aCommunities$aCoastal Heritage$aHeritage 615 17$aNonfiction. 615 7$aLanguage Arts. 676 $a363.69 686 $aLAN025000$2bisacsh 700 $aShotton$b Elizabeth$01775633 801 0$bMiAaPQ 801 1$bMiAaPQ 801 2$bMiAaPQ 906 $aBOOK 912 $a9910805588203321 996 $aDocumenting maritime heritage at risk$94290297 997 $aUNINA